50 Indie Games - Statistics

General Stats
  • This quiz has been taken 194 times
  • The average score is 12 of 50
Answer Stats
Developers Indie Games % Correct
Toby Fox Undertale
94%
Team Cherry Hollow Knight
93%
Toby Fox Deltarune
80%
Maddy Makes Games Celeste
67%
Studio MDHR Cuphead
63%
Eric "ConceredApe" Barone Stardew Valley
57%
Team Meat Super Meat Boy
55%
Supergiant Games Hades
48%
Re-Logic Terraria
45%
Tour De Pizza Pizza Tower
43%
Motion Twin & Evil Empire Dead Cells
42%
LocalThunk Balatro
36%
Massive Monster Cult of the Lamb
28%
Daniel Mullins Games Inscryption
27%
Mobius Digital Outer Wilds
25%
Playdead LIMBO
24%
Dodge Roll Enter the Gungeon
23%
Lucas Pope Papers, Please
22%
Hopoo Games Risk of Rain
22%
Playdead INSIDE
21%
ZA/UM Disco Elysium
19%
Dennaton Games Hotline Miami
19%
Unknown Worlds Subnautica
16%
Lucas Pope Return of the Obra Dinn
15%
Shared Memory ANIMAL WELL
14%
Daisuke "Pixel" Amaya Cave Story
12%
Red Candle Games Nine Sols
12%
Pocketpair Palworld
12%
Number None Braid
11%
Moon Studios Ori and the Will of the Wisps
11%
Brace Yourself Games Crypt of the NecroDancer
10%
Black Salt Games Dredge
10%
Isometricorp Tunic
10%
Mossmouth UFO 50
9%
The Game Kitchen Blasphemous
8%
Justin Stander Katana Zero
8%
Sabotage Studios Sea of Stars
8%
Infinite Fall Night in the Woods
7%
Luca Galante Vampire Survivors
7%
Adam Robinson-Yu A Short Hike
6%
Subset Games FTL: Faster Than Light
6%
Geometric Interactive Cocoon
5%
Subset Games Into the Breach
4%
Ironwood Studios Pacific Drive
4%
Witch Beam Unpacking
4%
Jump Over the Age Citizen Sleeper
1%
Adglobe & Live Wire Ender Lilies: Quietus of the Knights
1%
Geography of Robots Norco
1%
Roll7 Not a Hero
1%
Villa Gorilla Yoku's Island Express
1%
No matching quizzes found
Score Distribution
Percent of People with Each Score
Percentile by Number Answered
Your Score History
You have not taken this quiz